书目信息 |
| 题名: |
大学生创新创业指导
|
|
| 作者: | 蔡松伯 , 王东晖 , 王小方 主编 | |
| 分册: | ||
| 出版信息: | 成都 西南财经大学出版社 2016.08 |
|
| 页数: | 175页 | |
| 开本: | 26cm | |
| 丛书名: | ||
| 单 册: | ||
| 中图分类: | G640 , G647.38 | |
| 科图分类: | ||
| 主题词: | 大学生--da xue sheng--创造教育 , 大学生--da xue sheng--职业选择 | |
| 电子资源: | ||
| ISBN: | 978-7-5504-2532-3 | |
| 000 | 01047nam0 2200277 450 | |
| 001 | 0109110134 | |
| 005 | 20201109110336.0 | |
| 010 | @a978-7-5504-2532-3@dCNY26.00 | |
| 100 | @a20181129e20202016em y0chiy50 ea | |
| 101 | 0 | @achi |
| 102 | @aCN@b510000 | |
| 105 | @aa z 000yy | |
| 106 | @ar | |
| 200 | 1 | @a大学生创新创业指导@Ada xue sheng chuang xin chuang ye zhi dao@f蔡松伯, 王东晖, 王小方主编 |
| 210 | @a成都@c西南财经大学出版社@d2016.08@h2020.07 | |
| 215 | @a175页@c图@d26cm | |
| 330 | @a本书主要内容包括树立创新意识、激发创新思维、提升大学生创业意识、创业机会识别、创业资源整合、如何成功创办企业、新办企业的管理、创新创业政策等基本内容,以及其在实际生活中的应用等。 | |
| 606 | 0 | @a大学生@Ada xue sheng@x创造教育 |
| 606 | 0 | @a大学生@Ada xue sheng@x职业选择 |
| 690 | @aG640@v5 | |
| 690 | @aG647.38@v5 | |
| 701 | 0 | @a蔡松伯@Acai song bo@c(就业)@4主编 |
| 701 | 0 | @a王东晖@Awang dong hui@c(高校管理)@4主编 |
| 701 | 0 | @a王小方@Awang xiao fang@c(高校管理)@4主编 |
| 801 | 0 | @aCN@bBJSZM@c20201103 |
| 905 | @b1267858-9@dG640@e1933@f2 | |
| 大学生创新创业指导/蔡松伯, 王东晖, 王小方主编.-成都:西南财经大学出版社,2016.08(2020.07) |
| 175页:图;26cm |
| ISBN 978-7-5504-2532-3:CNY26.00 |
| 本书主要内容包括树立创新意识、激发创新思维、提升大学生创业意识、创业机会识别、创业资源整合、如何成功创办企业、新办企业的管理、创新创业政策等基本内容,以及其在实际生活中的应用等。 |
| ● |
| 相关链接 |
|
|
|
|
正题名:大学生创新创业指导
索取号:G640/1933
 
预约/预借
| 序号 | 登录号 | 条形码 | 馆藏地/架位号 | 状态 | 备注 |
| 1 | 1267858 | 212678583 | 第一样本阅览室/ [索取号:G640/1933] | 在馆 | |
| 2 | 1267859 | 212678592 | 第四借阅区/ [索取号:G640/1933] | 在馆 |